header

Feathers of hope (Record no. 78631)

MARC details
000 -LEADER
fixed length control field 01575nam a2200361Ia 4500
082 04 - DEWEY DECIMAL CLASSIFICATION NUMBER
Classification number 639.9/780974741
100 1# - MAIN ENTRY--AUTHOR NAME
Personal name Chepaitis, Barbara.
245 10 - TITLE STATEMENT
Title Feathers of hope
260 ## - PUBLICATION, DISTRIBUTION, ETC. (IMPRINT)
Place of publication Albany, N.Y. :
Name of publisher Excelsior Editions/State University of New York Press,
Year of publication c2010.
300 ## - PHYSICAL DESCRIPTION
Number of Pages viii, 171 p. :
Other physical details ill.
650 #0 - SUBJECT ADDED ENTRY--TOPICAL TERM
Topical Term Bird refuges
Topical Term Bird watching
Topical Term Human-animal relationships
856 40 - ELECTRONIC LOCATION AND ACCESS
Uniform Resource Identifier http://site.ebrary.com/lib/rucke/Doc?id=10573933

No items available.

© 2026 Rongo University
Contact us: librarian | system librarian | Rongo university